[Event "ISR-ch sf"]
[Site "Ramat Gan"]
[Date "2022.07.04"]
[Round "8"]
[White "Zemach, Nadav"]
[Black "Sivan, Yaacov"]
[Result "1/2-1/2"]
[WhiteElo "2238"]
[BlackElo "2306"]
[PlyCount "141"]
[EventDate "2022.05.09"]
[EventType "swiss"]
[EventRounds "9"]
[EventCountry "ISR"]
[SourceTitle "EXT 2023"]
[Source "ChessBase"]
[SourceDate "2022.10.05"]
[SourceVersion "1"]
[SourceVersionDate "2022.10.05"]
[SourceQuality "1"]

1. d4 Nf6 2. c4 c5 3. d5 e5 4. Nc3 d6 5. e4 Be7 6. g3 0-0 7. Bg2 Na6 8. Nge2 Nc7 9. 0-0 a6 10. a4 b6 11. Qd3 Rb8 12. f4 Nd7 13. Be3 Bf6 14. Kh1 Re8 15. f5 Nf8 16. Ng1 b5 17. b3 bxc4 18. bxc4 Bd7 19. Nf3 Rb3 20. g4 h6 21. Rg1 Nh7 22. Bf1 Qe7 23. Bf2 Bg5 24. h4 Bf4 25. Be3 g5 26. fxg6 fxg6 27. Bxf4 exf4 28. e5 dxe5 29. d6 Rxc3 30. dxe7 Rxd3 31. Bxd3 Bc6 32. Rgf1 e4 33. Ne5 Ba8 34. Bc2 g5 35. Ng6 Ne6 36. a5 Bc6 37. Ne5 Ba8 38. Ng6 Bc6 39. Ne5 Nd4 40. Nxc6 Nxc2 41. Rad1 e3 42. Rd8 Nf6 43. hxg5 hxg5 44. Ne5 e2 45. Rc1 e1Q+ 46. Rxe1 Nxe1 47. Nd7 Kf7 48. Nxf6 Rxe7 49. Nd5 Rb7 50. Ra8 Rb1 51. Rxa6 f3 52. Rf6+ Kg7 53. Kh2 Rb2+ 54. Kg1 Rc2 55. Kf1 Rc1 56. Kf2 Nd3+ 57. Kxf3 Ne5+ 58. Kg2 Nxg4 59. Rb6 Ne5 60. a6 Nxc4 61. Rb7+ Kh6 62. Nc7 Ra1 63. Rb5 Kh5 64. Rxc5 Nb6 65. Rc6 Nd7 66. Rd6 Nb8 67. Rb6 Ra2+ 68. Kf1 Ra1+ 69. Ke2 Ra2+ 70. Ke3 Ra3+ 71. Kf2 1/2-1/2

[Event "ISR-ch sf"]
[Site "Ramat Gan"]
[Date "2022.05.23"]
[Round "3"]
[White "Kochavi, Ori"]
[Black "Sivan, Yaacov"]
[Result "0-1"]
[WhiteElo "2365"]
[BlackElo "2306"]
[PlyCount "82"]
[EventDate "2022.05.09"]
[EventType "swiss"]
[EventRounds "9"]
[EventCountry "ISR"]
[SourceTitle "EXT 2023"]
[Source "ChessBase"]
[SourceDate "2022.10.05"]
[SourceVersion "1"]
[SourceVersionDate "2022.10.05"]
[SourceQuality "1"]

1. e4 c5 2. Nf3 Nc6 3. Bb5 g6 4. Bxc6 dxc6 5. d3 Bg7 6. h3 Nf6 7. Nc3 Nd7 8. Be3 e5 9. Qd2 h6 10. 0-0 b6 11. Nh2 g5 12. Ne2 Nf8 13. Ng3 Ng6 14. Nh5 0-0 15. b4 cxb4 16. Qxb4 c5 17. Qb2 Bh8 18. g4 Nf4 19. Bxf4 exf4 20. Qc1 Bxa1 21. Qxa1 Qd4 22. c3 Qxd3 23. Rd1 Qc4 24. Rd6 Be6 25. Nf6+ Kg7 26. Nh5+ Kh8 27. Nf3 Rad8 28. Qd1 Rde8 29. e5 Qe4 30. Nf6 Qg6 31. Nd2 Rc8 32. Nde4 Bxa2 33. Qa1 Be6 34. Qxa7 b5 35. Nxc5 Qb1+ 36. Kg2 Bc4 37. Nfe4 Qf1+ 38. Kh2 f3 39. Rxh6+ Kg7 40. Rg6+ Kxg6 41. Qb6+ f6 0-1

[Event "EU-ch Online U2300 Qual"]
[Site "Chess.com INT"]
[Date "2020.05.25"]
[Round "6"]
[White "Sivan, Yaacov"]
[Black "Ohanyan, Emin"]
[Result "0-1"]
[WhiteElo "2312"]
[BlackElo "2291"]
[PlyCount "124"]
[EventDate "2020.05.25"]
[EventType "swiss"]
[EventRounds "8"]
[EventCountry "NET"]
[SourceTitle "EXT 2021"]
[Source "ChessBase"]
[SourceDate "2020.10.23"]
[SourceVersion "1"]
[SourceVersionDate "2020.10.23"]
[SourceQuality "1"]

1. e4 e5 2. Nf3 Nc6 3. Bc4 Nf6 4. d3 d5 5. exd5 Nxd5 6. 0-0 Bc5 7. Bb5 Bg4 8. h3 Bxf3 9. Qxf3 0-0 10. Bxc6 bxc6 11. Nc3 f6 12. Ne4 Be7 13. c4 Nb4 14. Rd1 Nc2 15. Rb1 Nd4 16. Qe3 f5 17. Nc3 Re8 18. Ne2 Bc5 19. Nxd4 Bxd4 20. Qf3 Qd7 21. b4 Rab8 22. Be3 g6 23. a3 Rb6 24. a4 Reb8 25. b5 cxb5 26. Rxb5 c6 27. Rxb6 Rxb6 28. Re1 Rb2 29. Kh1 Bxe3 30. Qxe3 Qd4 31. Qxe5 Qxf2 32. Qe8+ Kg7 33. Qe7+ Kh6 34. Qe3+ Qxe3 35. Rxe3 Ra2 36. Re6 Rd2 37. Rd6 c5 38. Rd5 Kg5 39. g3 h5 40. Rxc5 Rxd3 41. Kg2 Rc3 42. Rc6 h4 43. gxh4+ Kxh4 44. Rxg6 Rxc4 45. Ra6 Rc7 46. Kf3 Kg5 47. Ke3 f4+ 48. Kf3 Rc3+ 49. Kg2 Rc2+ 50. Kf3 Rc3+ 51. Ke4 Re3+ 52. Kd4 Re7 53. Ra5+ Kh4 54. Rf5 Kg3 55. h4 f3 56. Kd3 f2 57. h5 Re1 58. Kc4 f1Q+ 59. Rxf1 Rxf1 60. Kb5 Rf5+ 61. Kc6 Rxh5 62. Kb7 Ra5 0-1

[Event "Netanya op"]
[Site "Netanya"]
[Date "2019.06.27"]
[Round "5"]
[White "Pravdivetz, Vladimir"]
[Black "Sivan, Yaacov"]
[Result "0-1"]
[WhiteElo "1927"]
[BlackElo "2320"]
[PlyCount "52"]
[EventDate "2019.06.23"]
[EventType "swiss"]
[EventRounds "9"]
[EventCountry "ISR"]
[SourceTitle "CBM 191 Extra"]
[Source "ChessBase"]
[SourceDate "2019.09.30"]
[SourceVersion "1"]
[SourceVersionDate "2019.09.30"]
[SourceQuality "1"]

1. d4 Nf6 2. Nf3 d5 3. c4 c6 4. Nc3 e6 5. e3 Nbd7 6. Bd3 dxc4 7. Bxc4 b5 8. Bd3 a6 9. Ne4 c5 10. dxc5 Nxc5 11. Nxc5 Bxc5 12. 0-0 Bb7 13. Qe2 0-0 14. Rd1 Qe7 15. Bd2 e5 16. e4 Rfd8 17. Be1 Rd7 18. Bc2 Rad8 19. Rxd7 Rxd7 20. g3 Bb6 21. a3 Qe6 22. Kg2 Rc7 23. Bd3 Nd7 24. b4 Qb3 25. a4 bxa4 26. Bxa6 Ba8 0-1

[Event "Netanya op"]
[Site "Netanya"]
[Date "2019.06.26"]
[Round "4"]
[White "Sivan, Yaacov"]
[Black "Kushnir, Arie"]
[Result "1/2-1/2"]
[WhiteElo "2320"]
[BlackElo "1665"]
[PlyCount "56"]
[EventDate "2019.06.23"]
[EventType "swiss"]
[EventRounds "9"]
[EventCountry "ISR"]
[SourceTitle "CBM 191 Extra"]
[Source "ChessBase"]
[SourceDate "2019.09.30"]
[SourceVersion "1"]
[SourceVersionDate "2019.09.30"]
[SourceQuality "1"]

1. e4 e5 2. Nf3 Nf6 3. d4 Nxe4 4. Bd3 d5 5. dxe5 Be7 6. 0-0 0-0 7. c4 Bf5 8. Qe2 Nc6 9. Rd1 Nb4 10. Bxe4 Bxe4 11. Nc3 Bxf3 12. Qxf3 d4 13. Nd5 Nc6 14. Bf4 Bg5 15. Bg3 Bh4 16. Bf4 Bg5 17. Rd3 Re8 18. Re1 Bxf4 19. Qxf4 Qd6 20. Kf1 Rxe5 21. Rxe5 Nxe5 22. Rxd4 Re8 23. Qd2 Nxc4 24. Rxc4 c6 25. g3 cxd5 26. Rb4 h6 27. Kg2 Qc6 28. Rd4 Rd8 1/2-1/2

[Event "Netanya op"]
[Site "Netanya"]
[Date "2019.06.23"]
[Round "1"]
[White "Tsirilman, Guy"]
[Black "Sivan, Yaacov"]
[Result "0-1"]
[WhiteElo "1798"]
[BlackElo "2320"]
[PlyCount "70"]
[EventDate "2019.06.23"]
[EventType "swiss"]
[EventRounds "9"]
[EventCountry "ISR"]
[SourceTitle "CBM 191 Extra"]
[Source "ChessBase"]
[SourceDate "2019.09.30"]
[SourceVersion "1"]
[SourceVersionDate "2019.09.30"]
[SourceQuality "1"]

1. e4 c5 2. Nf3 d6 3. d4 cxd4 4. Nxd4 Nf6 5. Nc3 g6 6. Be3 Bg7 7. f3 0-0 8. Qd2 Nc6 9. 0-0-0 Nxd4 10. Bxd4 Be6 11. Kb1 Qc7 12. h4 h5 13. g4 Rfc8 14. g5 Nd7 15. Bxg7 Kxg7 16. f4 Qa5 17. Be2 Rc5 18. Qd4+ Kg8 19. Nd5 Bxd5 20. exd5 Rac8 21. Qe4 Rxc2 22. Qxc2 Rxc2 23. Kxc2 Qxa2 24. Rd4 Nc5 25. Rh3 Qa1 26. Bd1 Qa6 27. Rf3 Qb5 28. Kb1 a5 29. f5 gxf5 30. Rxf5 Nd3 31. b3 a4 32. Rxa4 Nb4 33. Rf3 Qxd5 34. Kc1 Nd3+ 35. Kb1 Ne1 0-1

[Event "ISR-chT"]
[Site "Israel"]
[Date "2018.03.02"]
[Round "11.3"]
[White "Sivan, Yaacov"]
[Black "Erenberg, Ariel"]
[Result "0-1"]
[WhiteElo "2339"]
[BlackElo "2382"]
[PlyCount "100"]
[EventDate "2018.01.05"]
[EventType "team-tourn"]
[EventRounds "11"]
[EventCountry "ISR"]
[SourceTitle "EXT 2019"]
[Source "ChessBase"]
[SourceDate "2018.10.10"]
[SourceVersion "1"]
[SourceVersionDate "2018.10.10"]
[SourceQuality "1"]
[WhiteTeam "Kiryat Ono"]
[BlackTeam "Kfar Saba Hapoel II"]
[WhiteTeamCountry "ISR"]
[BlackTeamCountry "ISR"]

1. e4 e5 2. Nf3 Nc6 3. Bb5 a6 4. Bxc6 dxc6 5. 0-0 Qf6 6. d4 exd4 7. Qxd4 Qxd4 8. Nxd4 Bd7 9. Be3 0-0-0 10. Nd2 g6 11. Rfe1 Bg7 12. c3 c5 13. Ne2 b6 14. Ng3 Ne7 15. Nf3 Nc6 16. Ng5 Rdf8 17. f4 f6 18. Nf3 Re8 19. Rad1 a5 20. b3 a4 21. h4 Be6 22. Nd2 Rd8 23. h5 Rd3 24. f5 Bf7 25. hxg6 hxg6 26. fxg6 Bxg6 27. Nb1 Rxd1 28. Rxd1 axb3 29. axb3 Re8 30. Re1 Bf8 31. Bf4 f5 32. Kf2 fxe4 33. Nd2 Na5 34. Ngxe4 Nxb3 35. Nxb3 Rxe4 36. Rxe4 Bxe4 37. g4 Bg7 38. Bd2 Kb7 39. Kg3 Kc6 40. Kf4 Bh7 41. Nc1 Kd5 42. Ne2 Kc4 43. Kf3 b5 44. g5 b4 45. cxb4 cxb4 46. Nf4 b3 47. Bc1 b2 48. Bxb2 Bxb2 49. g6 Bg8 50. Ke4 c5 0-1

[Event "ISR-chT"]
[Site "Israel"]
[Date "2018.02.09"]
[Round "5.3"]
[White "Sivan, Yaacov"]
[Black "Oleksienko, Mikhailo"]
[Result "1/2-1/2"]
[WhiteElo "2339"]
[BlackElo "2609"]
[PlyCount "186"]
[EventDate "2018.01.05"]
[EventType "team-tourn"]
[EventRounds "11"]
[EventCountry "ISR"]
[SourceTitle "CBM 182 Extra"]
[Source "ChessBase"]
[SourceDate "2018.02.23"]
[SourceVersion "1"]
[SourceVersionDate "2018.02.23"]
[SourceQuality "1"]
[WhiteTeam "Kiryat Ono"]
[BlackTeam "Jerusalem Tenth"]
[WhiteTeamCountry "ISR"]
[BlackTeamCountry "ISR"]

1. e4 c5 2. Nf3 e6 3. d4 cxd4 4. Nxd4 a6 5. Bd3 d5 6. exd5 Qxd5 7. 0-0 Nd7 8. Be3 Ngf6 9. c4 Qe5 10. Nc3 Be7 11. Re1 0-0 12. h3 Qc7 13. Rc1 b6 14. Bg5 Bc5 15. Nb3 Bd6 16. Ne4 Bh2+ 17. Kh1 Bf4 18. Nxf6+ Nxf6 19. Bxf6 gxf6 20. Be4 Rb8 21. Rc3 f5 22. Bf3 Be5 23. Rc2 Bg7 24. Nc1 Rd8 25. Qe2 Qd6 26. Qf1 Bd7 27. Rd1 Qe7 28. b3 Be8 29. Rcd2 Rxd2 30. Rxd2 b5 31. Rc2 Rc8 32. Qd3 Rd8 33. Qe2 Bd4 34. Rd2 Bb6 35. Rxd8 Qxd8 36. Nd3 Qd4 37. Qc2 e5 38. c5 Bc7 39. Bb7 e4 40. Ne1 Ba5 41. c6 Qe5 42. Kg1 Kg7 43. Qc1 f4 44. Nc2 Bb6 45. Qa1 Kf6 46. Qxe5+ Kxe5 47. Nb4 Kd6 48. c7 Bxc7 49. Bxe4 a5 50. Nd3 h6 51. Kf1 Ke6 52. Ke2 Bd6 53. Bb7 f6 54. Kf3 Bh5+ 55. Ke4 Bg6+ 56. Kd4 Bc7 57. Nc5+ Ke7 58. Be4 Bf7 59. Nd3 Bb6+ 60. Kc3 Kd6 61. a3 Be8 62. Kc2 Bd4 63. Kd2 a4 64. bxa4 bxa4 65. f3 Bd7 66. Kc2 f5 67. Bb7 Be6 68. Nxf4 Bb3+ 69. Kb1 Bc4 70. h4 Be3 71. g3 Ke5 72. Ng6+ Kf6 73. h5 Bc5 74. Bc6 Bb3 75. Kb2 Kg5 76. Nf4 Bd4+ 77. Kb1 Be3 78. Nd5 Bf2 79. g4 fxg4 80. fxg4 Bd4 81. Nb4 Kxg4 82. Be8 Kg5 83. Nc2 Bc3 84. Kc1 Kf4 85. Nb4 Kg5 86. Nd3 Bd4 87. Nb2 Bd5 88. Nxa4 Bf3 89. Kd2 Bxh5 90. Bxh5 Kxh5 91. Ke2 Kg4 92. Kf1 Kg3 93. Nc3 Bxc3 1/2-1/2

[Event "EU-ch rapid"]
[Site "Tallinn"]
[Date "2016.12.15"]
[Round "3"]
[White "Sivan, Yaacov"]
[Black "Munoz Pantoja, Miguel Angel"]
[Result "0-1"]
[WhiteElo "2370"]
[BlackElo "2473"]
[PlyCount "61"]
[EventDate "2016.12.15"]
[EventType "swiss (rapid)"]
[EventRounds "11"]
[EventCountry "EST"]
[SourceTitle "CBM 176 Extra"]
[Source "ChessBase"]
[SourceDate "2017.03.02"]
[SourceVersion "1"]
[SourceVersionDate "2017.03.02"]
[SourceQuality "1"]

1. e4 d5 2. exd5 Qxd5 3. Nc3 Qa5 4. d4 Nf6 5. Nf3 Nc6 6. h3 Ne4 7. Bd2 Nxd2 8. Qxd2 e6 9. Nb5 Nb4 10. c3 Nd5 11. a4 a6 12. Na3 Qxa4 13. Bd3 Bd6 14. 0-0 Qd7 15. c4 Bf4 16. Qe1 Nf6 17. g3 Bh6 18. Qe5 0-0 19. g4 Qc6 20. Qg3 g6 21. Ne5 Qe8 22. g5 Nh5 23. Qh4 Bxg5 24. Qxg5 f6 25. Qh6 fxe5 26. dxe5 Bd7 27. f4 Rd8 28. Kh2 Qe7 29. Be2 Bc6 30. Rad1 Rxd1 31. Bxd1 0-1

[Event "ISR-chT 1011"]
[Site "Israel"]
[Date "2011.05.27"]
[Round "7.6"]
[White "Zanan, Evgeny"]
[Black "Sivan, Yaacov"]
[Result "0-1"]
[WhiteElo "2228"]
[BlackElo "2392"]
[PlyCount "84"]
[EventDate "2010.12.24"]
[EventType "team-tourn"]
[EventRounds "11"]
[EventCountry "ISR"]
[SourceTitle "EXT 2012"]
[Source "ChessBase"]
[SourceDate "2011.11.24"]
[SourceVersion "1"]
[SourceVersionDate "2011.11.24"]
[SourceQuality "1"]
[WhiteTeam "Beer Sheva II"]
[BlackTeam "Tel Aviv Shlomo Har Zvi"]
[WhiteTeamCountry "ISR"]
[BlackTeamCountry "ISR"]

1. d4 Nf6 2. c4 c5 3. d5 a6 4. Nc3 e5 5. e4 d6 6. Bd3 g6 7. Nge2 Nh5 8. 0-0 Bg7 9. Be3 0-0 10. Qd2 Nd7 11. Qc2 Ndf6 12. f3 Ne8 13. a3 b6 14. Rab1 f5 15. f4 exf4 16. Nxf4 Nxf4 17. Bxf4 g5 18. Bd2 f4 19. e5 Bxe5 20. Bxh7+ Kh8 21. Qd3 Ra7 22. Bg6 Nf6 23. Ne4 Ng4 24. Qh3+ Kg8 25. Qh5 Bd4+ 26. Kh1 Ne5 27. Nxg5 Nxg6 28. Ne6 Qf6 29. Nxf8 Kxf8 30. Rbe1 Be5 31. g3 Qf5 32. Qe2 Rf7 33. gxf4 Bxb2 34. Ba5 Bd4 35. Bxb6 Nxf4 36. Qe8+ Kg7 37. Re7 Be6 38. Rxe6 Qg4 39. Re2 Qxe2 40. Qxe2 Nxe2 41. Re1 Rf2 42. Bd8 Be5 0-1

[Event "ISR-chT 08"]
[Site "Israel"]
[Date "2008.04.04"]
[Round "6.6"]
[White "Cohen, Or"]
[Black "Sivan, Yaacov"]
[Result "1/2-1/2"]
[WhiteElo "2280"]
[BlackElo "2390"]
[PlyCount "110"]
[EventDate "2007.12.26"]
[EventType "tourn"]
[EventRounds "11"]
[EventCountry "ISR"]
[SourceTitle "EXT 2009"]
[Source "ChessBase"]
[SourceDate "2008.11.26"]
[SourceVersion "1"]
[SourceVersionDate "2008.11.26"]
[SourceQuality "1"]
[WhiteTeam "Tel Aviv Moshe Czerniak"]
[BlackTeam "Tel Aviv Shlomo Har Zvi"]
[WhiteTeamCountry "ISR"]
[BlackTeamCountry "ISR"]

1. e4 c5 2. Nf3 d6 3. d4 cxd4 4. Nxd4 Nf6 5. Nc3 g6 6. Be3 Bg7 7. f3 0-0 8. Qd2 Nc6 9. 0-0-0 Nxd4 10. Bxd4 Be6 11. Kb1 Qc7 12. h4 Rfc8 13. h5 Qa5 14. h6 Bh8 15. a3 Rab8 16. Bxf6 Bxf6 17. Nd5 Qxd2 18. Nxf6+ exf6 19. Rxd2 Rc6 20. g4 Kf8 21. Be2 Ke7 22. f4 g5 23. f5 Bc4 24. Bxc4 Rxc4 25. Rhd1 Rxe4 26. Rxd6 Rxg4 27. Rd7+ Kf8 28. Rc7 Rh4 29. Rdd7 Rxh6 30. Rxf7+ Kg8 31. c4 b6 32. Rxa7 Kh8 33. Rg7 Rh2 34. b4 Re8 35. Rae7 Rxe7 36. Rxe7 g4 37. Re1 g3 38. Rg1 Rh4 39. Rxg3 Rxc4 40. Re3 h5 41. Re6 Kg7 42. Rxb6 h4 43. Rd6 h3 44. Rd1 Kh6 45. Rh1 Rh4 46. b5 Kg5 47. Kc2 Kxf5 48. b6 Ke6 49. b7 Rh8 50. Rxh3 Rb8 51. Rb3 Kd6 52. Kd3 Kc6 53. Ke4 Rxb7 54. Rxb7 Kxb7 55. Kf5 Kb6 1/2-1/2

[Event "ISR-chT"]
[Site "Israel"]
[Date "2007.04.27"]
[Round "9.6"]
[White "Sivan, Yaacov"]
[Black "Grinshpun, Eduard"]
[Result "1/2-1/2"]
[WhiteElo "2387"]
[BlackElo "2416"]
[PlyCount "89"]
[EventDate "2007.01.11"]
[EventType "team-tourn"]
[EventRounds "11"]
[EventCountry "ISR"]
[SourceTitle "EXT 2009"]
[Source "ChessBase"]
[SourceDate "2008.11.26"]
[SourceVersion "1"]
[SourceVersionDate "2008.11.26"]
[SourceQuality "1"]
[WhiteTeam "Tel Aviv Shlomo Har Zvi"]
[BlackTeam "Herzliya"]
[WhiteTeamCountry "ISR"]
[BlackTeamCountry "ISR"]

1. e4 c6 2. d4 d5 3. exd5 cxd5 4. c4 Nf6 5. Nc3 Be6 6. Nf3 dxc4 7. Ne5 Nc6 8. Nxc6 bxc6 9. Qa4 Qd7 10. Bxc4 Bxc4 11. Qxc4 e6 12. 0-0 Be7 13. Bf4 0-0 14. Rfd1 Rfd8 15. Rac1 Rac8 16. Qa6 Nd5 17. Be5 Nxc3 18. Rxc3 Bd6 19. Rdc1 Bxe5 20. dxe5 g6 21. g3 Qd4 22. Qe2 Rd5 23. Qe3 Qxe3 24. Rxe3 Rd2 25. Rb3 Rc7 26. Kf1 g5 27. Rc4 Rd5 28. Re3 h6 29. h4 Rb7 30. hxg5 hxg5 31. b3 Rbb5 32. Rxc6 a5 33. a4 Rb7 34. Ke2 Kg7 35. f4 Kg6 36. Rc8 gxf4 37. gxf4 Kf5 38. Rc4 Rbd7 39. Rec3 Rd2+ 40. Ke3 Rh2 41. Rc7 Rh3+ 42. Ke2 Rh2+ 43. Ke3 Rh3+ 44. Ke2 Rh2+ 45. Ke3 1/2-1/2

[Event "Western Pacific op 2nd"]
[Site "Burbank"]
[Date "2004.04.04"]
[Round "5"]
[White "Small, Gregg"]
[Black "Sivan, Yaacov"]
[Result "0-1"]
[WhiteElo "2295"]
[BlackElo "2391"]
[PlyCount "70"]
[EventDate "2004.04.02"]
[EventType "swiss"]
[EventRounds "5"]
[EventCountry "USA"]
[SourceTitle "CBM 099 Extra"]
[Source "ChessBase"]
[SourceDate "2004.05.04"]
[SourceVersion "1"]
[SourceVersionDate "2004.05.04"]
[SourceQuality "1"]

1. e4 c5 2. Nc3 Nc6 3. Nge2 g6 4. d4 cxd4 5. Nxd4 Bg7 6. Nde2 Nf6 7. g3 b6 8. Bg2 Ba6 9. 0-0 Rc8 10. Re1 0-0 11. h3 d6 12. Be3 Nd7 13. Nd4 Nce5 14. Nd5 Nc4 15. Bc1 e6 16. Nb4 Bb7 17. c3 a5 18. Nbc2 Nc5 19. b3 Ne5 20. Re3 d5 21. exd5 Bxd5 22. Bb2 Bxg2 23. Kxg2 Qd5+ 24. Kg1 Rfd8 25. Qe2 Ned3 26. c4 Qd7 27. Bc3 e5 28. Nb5 Qxh3 29. Rd1 e4 30. Bxg7 Kxg7 31. Nc3 Ne5 32. Rxd8 Rxd8 33. Ne1 Ng4 34. Qb2 Qh2+ 35. Kf1 Nxe3+ 0-1

[Event "Western Pacific op 2nd"]
[Site "Burbank"]
[Date "2004.04.02"]
[Round "1"]
[White "Rupel, David G"]
[Black "Sivan, Yaacov"]
[Result "0-1"]
[WhiteElo "2106"]
[BlackElo "2391"]
[PlyCount "62"]
[EventDate "2004.04.02"]
[EventType "swiss"]
[EventRounds "5"]
[EventCountry "USA"]
[SourceTitle "CBM 099 Extra"]
[Source "ChessBase"]
[SourceDate "2004.05.04"]
[SourceVersion "1"]
[SourceVersionDate "2004.05.04"]
[SourceQuality "1"]

1. d4 Nf6 2. c4 c5 3. d5 a6 4. Nc3 e5 5. dxe6 dxe6 6. Qxd8+ Kxd8 7. Nf3 Bd6 8. Bg5 Kc7 9. g3 Nc6 10. Bg2 b6 11. Bxf6 gxf6 12. 0-0-0 Bb7 13. Nh4 Rad8 14. Rd2 Be5 15. Rhd1 Rxd2 16. Rxd2 Bxc3 17. bxc3 Na5 18. Bxb7 Nxb7 19. Rd3 Nd6 20. Rf3 f5 21. Rf4 Rd8 22. Nf3 Ne4 23. Kc2 Nxf2 24. Rh4 Ng4 25. Rxh7 Ne3+ 26. Kb3 Rd1 27. Ne5 Rb1+ 28. Ka4 Nd1 29. Nxf7 Nxc3+ 30. Ka3 b5 31. Ne5+ Kb6 0-1

[Event "EU-Cup 19th"]
[Site "Rethymno"]
[Date "2003.09.30"]
[Round "3.5"]
[White "Sivan, Yaacov"]
[Black "Laihonen, Petteri"]
[Result "1-0"]
[WhiteElo "2397"]
[BlackElo "2260"]
[PlyCount "165"]
[EventDate "2003.09.28"]
[EventType "team-swiss"]
[EventRounds "7"]
[EventCountry "GRE"]
[SourceTitle "CBM 098"]
[Source "ChessBase"]
[SourceDate "2004.02.03"]
[SourceVersion "1"]
[SourceVersionDate "2004.02.03"]
[SourceQuality "1"]
[WhiteTeam "Tel Aviv Shlomo Har Zvi"]
[BlackTeam "Jyvaskyla JyS"]
[WhiteTeamCountry "ISR"]
[BlackTeamCountry "FIN"]

1. e4 Nf6 2. e5 Nd5 3. d4 d6 4. c4 Nb6 5. exd6 exd6 6. h3 Be7 7. Bd3 0-0 8. Ne2 Nc6 9. Nbc3 Bf6 10. b3 a5 11. Be3 a4 12. Rc1 axb3 13. axb3 g6 14. 0-0 Re8 15. Bb1 Bg7 16. Qd2 Ne7 17. Ng3 d5 18. c5 Nd7 19. Rfe1 Nf8 20. Bh6 Bh8 21. Bf4 Ne6 22. Nb5 Bd7 23. Rxe6 Bxb5 24. Re3 Nc6 25. Rxe8+ Qxe8 26. Bxc7 Nxd4 27. Re1 Qd7 28. Bd6 Re8 29. Re3 Bc6 30. b4 Nb5 31. Bf4 Rxe3 32. Qxe3 Qe6 33. Ne2 Qxe3 34. Bxe3 f5 35. Bd2 d4 36. Ba2+ Kf8 37. Nf4 Nc3 38. Bc4 Ke7 39. f3 Be5 40. Kf2 Kf8 41. Ke1 Nb1 42. Bc1 Ke7 43. Ke2 Nc3+ 44. Kd3 Bd7 45. Ne2 Nxe2 46. Kxe2 f4 47. Kd2 Kd8 48. Bd5 Kc8 49. Kd3 Bf5+ 50. Kc4 Bb1 51. Kb3 Bd3 52. Bc4 Bf5 53. Bf1 g5 54. Kc4 Be6+ 55. Kd3 Bf5+ 56. Kd2 h6 57. Bc4 Kc7 58. b5 Bf6 59. Bd5 Bd7 60. b6+ Kb8 61. Kd3 Bf5+ 62. Be4 Bd7 63. Kc4 Be6+ 64. Kd3 Bd7 65. Kd2 Bb5 66. Bd3 Bd7 67. Bb2 Be6 68. Ba3 Be5 69. Bb5 Ba2 70. c6 bxc6 71. Bxc6 Bc4 72. Bf8 Bf1 73. Bxh6 Bxg2 74. Kd3 Bxh3 75. Ke4 d3 76. Kxe5 d2 77. Ba4 g4 78. Kxf4 gxf3 79. Kxf3 Kb7 80. Be3 Bf1 81. Bd1 Bc4 82. Bd4 Bd5+ 83. Ke3 1-0

[Event "EU-Cup 19th"]
[Site "Rethymno"]
[Date "2003.09.29"]
[Round "2.5"]
[White "Conquest, Stuart"]
[Black "Sivan, Yaacov"]
[Result "1-0"]
[WhiteElo "2560"]
[BlackElo "2397"]
[PlyCount "54"]
[EventDate "2003.09.28"]
[EventType "team-swiss"]
[EventRounds "7"]
[EventCountry "GRE"]
[SourceTitle "CBM 098"]
[Source "ChessBase"]
[SourceDate "2004.02.03"]
[SourceVersion "1"]
[SourceVersionDate "2004.02.03"]
[SourceQuality "1"]
[WhiteTeam "Clichy Echecs 92"]
[BlackTeam "Tel Aviv Shlomo Har Zvi"]
[WhiteTeamCountry "FRA"]
[BlackTeamCountry "ISR"]

1. d4 Nf6 2. c4 c5 3. d5 a6 4. Nf3 b5 5. Qc2 d6 6. e4 b4 7. a3 bxa3 8. Rxa3 g6 9. Bd2 Bg7 10. Ba5 Qd7 11. Nc3 0-0 12. Be2 Nh5 13. g3 f5 14. Ng5 Qe8 15. exf5 Bxf5 16. Bd3 Bd4 17. Bxf5 Rxf5 18. Nce4 Nf6 19. 0-0 Nxe4 20. Nxe4 Qf7 21. Bc3 Bxc3 22. Qxc3 Nd7 23. f4 h6 24. h4 Rf8 25. Kg2 Ne5 26. Raa1 g5 27. hxg5 hxg5 1-0

[Event "ISR-chT"]
[Site "Israel"]
[Date "2003.03.08"]
[Round "5"]
[White "Alterman, Vladimir I"]
[Black "Sivan, Yaacov"]
[Result "1/2-1/2"]
[WhiteElo "2353"]
[BlackElo "2401"]
[PlyCount "35"]
[EventDate "2003.01.??"]
[EventType "team-tourn"]
[EventRounds "11"]
[EventCountry "ISR"]
[SourceTitle "EXT 2004"]
[Source "ChessBase"]
[SourceDate "2003.11.25"]
[SourceVersion "1"]
[SourceVersionDate "2003.11.25"]
[SourceQuality "1"]

1. d4 Nf6 2. c4 c5 3. Nf3 cxd4 4. Nxd4 Nc6 5. Nc3 e6 6. g3 Be7 7. Bg2 0-0 8. 0-0 d5 9. cxd5 exd5 10. Be3 Be6 11. h3 Na5 12. b3 Rc8 13. Qd3 a6 14. Rfc1 Ba3 15. Rc2 h6 16. Rd1 Nc6 17. Nxc6 Rxc6 18. Nb1 1/2-1/2

[Event "ISR-chT"]
[Site "Israel"]
[Date "2002.02.02"]
[Round "4"]
[White "Sivan, Yaacov"]
[Black "Amit, Yaron"]
[Result "1-0"]
[WhiteElo "2401"]
[BlackElo "2253"]
[PlyCount "63"]
[EventDate "2002.01.10"]
[EventType "team-tourn"]
[EventRounds "11"]
[EventCountry "ISR"]
[SourceTitle "EXT 2003"]
[Source "ChessBase"]
[SourceDate "2002.11.25"]
[SourceVersion "1"]
[SourceVersionDate "2002.11.25"]
[SourceQuality "1"]

1. e4 e5 2. Nf3 Nc6 3. Bb5 Nge7 4. 0-0 Ng6 5. d4 exd4 6. Nxd4 Bc5 7. Nf5 0-0 8. Nc3 d6 9. Na4 Bb6 10. Nxb6 axb6 11. Ng3 Qf6 12. Bxc6 bxc6 13. f4 Ba6 14. Rf2 Rfe8 15. Rb1 Bb7 16. Bd2 Qd4 17. Qh5 f6 18. Bc3 Qc4 19. Rd1 d5 20. e5 fxe5 21. Bxe5 Nxe5 22. fxe5 Rf8 23. Nf5 g6 24. Qg5 Qc5 25. Nd4 Rxf2 26. Kxf2 Rxa2 27. Kg3 Ra8 28. Ne6 Qxc2 29. Rf1 Qxb2 30. Qf6 Qc3+ 31. Rf3 Qe1+ 32. Kh3 1-0

[Event "EU-Cup 17th"]
[Site "Panormo"]
[Date "2001.09.29"]
[Round "7.6"]
[White "Sivan, Yaacov"]
[Black "Putka, Verner"]
[Result "1-0"]
[WhiteElo "2391"]
[BlackElo "2277"]
[PlyCount "117"]
[EventDate "2001.09.22"]
[EventType "team-swiss"]
[EventRounds "7"]
[EventCountry "GRE"]
[SourceTitle "CBM 084 Extra"]
[Source "ChessBase"]
[SourceDate "2001.10.26"]
[SourceVersion "1"]
[SourceVersionDate "2001.10.26"]
[SourceQuality "1"]
[WhiteTeam "Tel Aviv Shlomo Har Zvi"]
[BlackTeam "Riga"]
[WhiteTeamCountry "ISR"]
[BlackTeamCountry "LAT"]

1. e4 e5 2. Nf3 Nf6 3. d4 Nxe4 4. dxe5 d5 5. Nbd2 Nc5 6. Nb3 Nxb3 7. axb3 Be7 8. Bd3 Bg4 9. h3 Bh5 10. 0-0 Nc6 11. Re1 0-0 12. c3 Kh8 13. Bf5 Bg6 14. Bxg6 fxg6 15. Qd3 Qd7 16. Ra4 Qe6 17. Rf4 a6 18. Bd2 Rad8 19. Nd4 Nxd4 20. Qxd4 c5 21. Rxf8+ Rxf8 22. Qg4 Rf5 23. f4 Qb6 24. Qd1 c4+ 25. Be3 Bc5 26. Bxc5 Qxc5+ 27. Qd4 Qxd4+ 28. cxd4 cxb3 29. e6 Rf8 30. Re5 Kg8 31. Rxd5 Rc8 32. Rd7 Kf8 33. d5 Ke8 34. Rxb7 Rc1+ 35. Kf2 Rd1 36. Rb8+ Ke7 37. Rb7+ Ke8 38. Rxb3 Rxd5 39. Rb7 g5 40. Rxg7 gxf4 41. Rxh7 Rd2+ 42. Kf3 Rxb2 43. Ra7 Rb6 44. Kxf4 Rxe6 45. g4 Rh6 46. Kg3 Kf8 47. g5 Rb6 48. Kg4 Rc6 49. h4 Rb6 50. Kh5 Kg8 51. g6 Rb4 52. Rxa6 Kg7 53. Ra7+ Kg8 54. Kg5 Rc4 55. Ra5 Rc1 56. h5 Rc8 57. h6 Rb8 58. h7+ Kh8 59. Kh6 1-0